Handbook of thermodynamic tables and charts
Guardat en:
| Autor principal: | |
|---|---|
| Format: | Llibre |
| Idioma: | anglès |
| Publicat: |
Nueva York
Hemisphere Publishing Corporation
1976
|
| Matèries: | |
| Etiquetes: |
Afegir etiqueta
Sense etiquetes, Sigues el primer a etiquetar aquest registre!
|
MARC
| LEADER | 00000nam a2200000 a 4500 | ||
|---|---|---|---|
| 001 | UCK7255 | ||
| 003 | CL-VaPUC | ||
| 008 | 051111e19760000US |||||||||||||||||eng|d | ||
| 020 | |a 0070512701 | ||
| 082 | 0 | 4 | |a 536.7 |b RAZ |2 21 |
| 100 | 0 | |a Raznjevic, Kuzman |e author |9 496792 | |
| 245 | 1 | 0 | |a Handbook of thermodynamic tables and charts |
| 300 | |a 392 p | ||
| 942 | |c BK | ||
| 945 | |d 20051111 00:00:00 |a jtorresc | ||
| 260 | |a Nueva York |b Hemisphere Publishing Corporation |c 1976 | ||
| 650 | 0 | |a Termodinámica |9 259320 | |
| 650 | 7 | |a TRANSMISION DEL CALOR |2 CL-VaPUC |9 259311 | |
| 650 | 0 | |a Energía térmica |9 357587 | |
| 650 | 0 | |a Física |9 227844 | |
| 650 | 0 | |a Gases |9 260945 | |
| 650 | 0 | |a Sólidos |9 260188 | |
| 650 | 0 | |a Líquidos |9 260946 | |
| 650 | 7 | |a PRESION |2 CL-VaPUC |9 342426 | |
| 650 | 7 | |a TRANSMISION DEL CALOR |2 CL-VaPUC |9 259311 | |
| 583 | |a last modification |c 20051111 00:00:00 |k Rodrigo Vera | ||
| 999 | |c 315295 |d 315293 | ||
| 952 | |0 0 |1 0 |4 0 |6 536_700000000000000_RAZ_1976 |7 0 |8 A |9 388378 |a BIBING |b BIBING |d 2019-11-22 |i 4180887 |o 536.7 RAZ 1976 |p 4180887 |r 2025-01-20 |w 2019-11-22 |y BK |k EIQ | ||